Zwierzęta po włosku - Statystyki

Ogólne statystyki
  • Ten quiz został rozwiązany 71 razy
  • Średni wynik to 7 z 18
Statystyki odpowiedzi
Polski Włoski % Poprawnych
pies cane
97%
kot gatto
94%
koń cavallo
61%
słoń elefante
45%
żółw tartaruga
45%
byk toro
45%
koza capra
42%
wilk lupo
39%
wąż serpente
39%
kaczka anatra
32%
chomik criceto
32%
małpa scimmia
29%
pająk ragno
26%
żaba rana
26%
wieloryb balena
23%
foka foca
23%
sowa gufo
16%
nosorożec rinoceronte
6%
Nie znaleziono quizów pasujących do podanych kryteriów
Rozkład punktacji
Procent ludzi z każdym wynikiem
Percentyl według liczby udzielonych odpowiedzi
Twoja historia wyników
Nie rozwiązałeś tego quizu